[Event "Mitropa Cup Open 2019"]
[Site "Radenci"]
[Date "2019.05.27"]
[Round "1.1"]
[White "Perske, Thore"]
[Black "Mihok, Oliver"]
[Result "1/2-1/2"]
[WhiteElo "2456"]
[BlackElo "2541"]
[Annotator "TA"]
[PlyCount "69"]
[EventDate "2019.05.27"]
[EventType "team-tourn"]
[EventCountry "SLO"]
[SourceTitle "playchess.com"]
[Source "ChessBase"]
[SourceQuality "1"]
[WhiteTeam "Germany"]
[BlackTeam "Hungary"]
[WhiteTeamCountry "GER"]
[BlackTeamCountry "HUN"]

{[%evp 28,69,40,35,36,33,49,34,29,15,14,0,11,0,0,0,0,0,0,0,8,0,6,7,9,1,7,8,9,2,2,2,2,0,0,0,12,7,7,7,7,6,7,6]} 1. e4 c5 2. Nf3 Nc6 3. d4 cxd4 4. Nxd4 e6 5. Nc3 Qc7 6. Be3 a6 7. Be2 Nf6 8. O-O Bb4 9. Na4 Be7 10. Nxc6 bxc6 11. Nb6 Rb8 12. Nxc8 Qxc8 13. Bd4 c5 14. Be5 Rb6 15. Qd3 d6 {B49: Sicilian: Taimanov: 5 Nc3 Qc7 6 Be3 a6 7 Be2} 16. Bc3 O-O 17. b3 (17. Rad1 Qc6 18. e5 Nd5 19. Bf3 c4 20. Qd2 dxe5 21. Bxe5 Rd8 22. b3 Rb5 23. bxc4 Qxc4 {1-0 (88) Ponomariov,R (2709)-Neiksans,A (2631) Tallinn 2016}) 17... Qc6 {White is slightly better.} 18. e5 Nd5 {The position is equal.} 19. Bf3 Qb5 20. Bxd5 {[#] Hoping for Bc4.} Qxd3 21. cxd3 {And now Bf3 would win.} exd5 22. Rfe1 $146 ({Predecessor:} 22. exd6 Bxd6 23. Rfe1 {½-½ (56) Thavandiran,S (2385)-Hambleton,A (2479) Montreal 2017}) 22... dxe5 23. Bxe5 Re6 24. Rac1 Re8 25. Bf4 Bf8 26. Rxe6 (26. Kf1 {feels hotter.} f5 27. Re3 Kf7 28. g3 g6 29. h4) 26... fxe6 $11 {[%mdl 4096] Endgame KRB-KRB} 27. Be3 Rc8 28. Kf1 Kf7 29. Ke2 Ke8 30. b4 {[%cal Rb4c5]} c4 31. dxc4 Bxb4 32. cxd5 Rxc1 33. Bxc1 exd5 34. Bb2 g6 35. Bd4 {Accuracy: White = 55%, Black = 78%.} 1/2-1/2

[Event "Mitropa Cup Open 2019"]
[Site "Radenci"]
[Date "2019.05.27"]
[Round "1.2"]
[White "Nagy, Gabor"]
[Black "Lagunow, Raphael"]
[Result "1/2-1/2"]
[WhiteElo "2471"]
[BlackElo "2420"]
[Annotator "TA"]
[PlyCount "65"]
[EventDate "2019.05.27"]
[EventType "team-tourn"]
[EventCountry "SLO"]
[SourceTitle "playchess.com"]
[Source "ChessBase"]
[SourceQuality "1"]
[WhiteTeam "Hungary"]
[BlackTeam "Germany"]
[WhiteTeamCountry "HUN"]
[BlackTeamCountry "GER"]

{[%evp 11,65,14,20,13,42,42,46,21,28,31,47,30,31,6,27,13,16,-32,-35,-23,-39,-38,0,0,0,0,0,0,24,-17,0,0,0,-3,-25,-2,13,25,81,0,8,6,6,6,6,6,7,6,6,6,6,6,6,3,3,3]} 1. Nf3 Nf6 2. g3 d5 3. Bg2 e6 4. O-O Nbd7 5. d4 b5 6. a4 b4 7. c4 {D02: 1 d4 d5 2 Nf3 sidelines, including 2...Nf6 3 g3 and 2...Nf6 3 Bf4} (7. a5 Ba6 8. c3 bxc3 9. bxc3 c5 10. Qa4 Bxe2 11. Re1 Bxf3 12. Bxf3 Be7 13. Bf4 O-O 14. Nd2 Re8 {1-0 (35) Kamsky,G (2732)-Ponomariov,R (2723) Beijing 2011}) 7... c6 $146 ({Predecessor:} 7... bxc3 8. bxc3 Ba6 9. Nbd2 Be7 10. Re1 O-O 11. Qc2 c5 12. e4 dxe4 13. Nxe4 Rc8 14. Rd1 Nxe4 15. Qxe4 {½-½ (27) Vajda,L (2596)-Mateuta,G (2497) Baile Govora 2017}) 8. Nbd2 Ba6 9. b3 {White is slightly better.} Be7 10. Bb2 O-O 11. Re1 c5 12. Rc1 Rc8 13. cxd5 Nxd5 14. e4 Nc3 15. Bxc3 bxc3 16. Rxc3 Qa5 17. Qa1 cxd4 18. Rxc8 Rxc8 19. Qxd4 {[%mdl 64] [#] Double Attack} Nb6 20. Nf1 Rd8 21. Qe5 Qb4 22. a5 Nd7 23. Qc7 Qxb3 24. Qxa7 Qb5 {[#]} (24... Bb5 $11) 25. Rd1 (25. Nd4 $1 $16 {[%cal Rd4b5]} Qb7 26. Qxb7 Bxb7 27. Rb1) 25... Nc5 {The position is equal.} 26. Rxd8+ Bxd8 27. Nd4 Qxa5 28. Nc6 Qb6 29. Qa8 Nb7 30. e5 Bxf1 31. Nxd8 Qxd8 32. Qxd8+ Nxd8 33. Kxf1 {Accuracy: White = 67%, Black = 39%.} 1/2-1/2

[Event "Mitropa Cup Open 2019"]
[Site "Radenci"]
[Date "2019.05.27"]
[Round "1.3"]
[White "Schmidek, Emil"]
[Black "Kozak, Adam"]
[Result "0-1"]
[WhiteElo "2396"]
[BlackElo "2458"]
[Annotator "RC"]
[PlyCount "136"]
[EventDate "2019.05.27"]
[EventType "team-tourn"]
[EventCountry "SLO"]
[SourceTitle "playchess.com"]
[Source "ChessBase"]
[SourceQuality "1"]
[WhiteTeam "Germany"]
[BlackTeam "Hungary"]
[WhiteTeamCountry "GER"]
[BlackTeamCountry "HUN"]
[TimeControl "40/5400+30:1800+30"]

1. e4 {[%emt 0:00:00]} e5 {[%emt 0:00:00]} 2. Nf3 {[%emt 0:00:00]} Nc6 {[%emt 0:00:00]} 3. Bb5 {[%emt 0:00:00]} Nf6 {[%emt 0:00:00]} 4. d3 {[%emt 0:00:00]} Bc5 {[%emt 0:00:00]} 5. O-O {[%emt 0:00:07]} Nd4 {[%emt 0:00:02]} 6. Bc4 {[%emt 0:05:31]} d6 {[%emt 0:03:59]} 7. h3 {[%emt 0:07:05]} Nxf3+ {[%emt 0:04:33]} 8. Qxf3 {[%emt 0:00:12]} h6 {[%emt 0:00:05]} 9. Nc3 {[%emt 0:09:43]} O-O {[%emt 0:07:31]} 10. Ne2 {[%emt 0:11:57]} Nh7 {[%emt 0:06:56]} 11. Ng3 {[%emt 0:10:06]} Qh4 {[%emt 0:10:09]} 12. Nf5 {[%emt 0:05:44]} Qf6 {[%emt 0:00:28]} 13. g4 {[%emt 0:09:18]} Be6 {[%emt 0:08:59]} 14. Bb3 {[%emt 0:01:53]} a5 {[%emt 0:12:06]} 15. c3 {[%emt 0:07:22]} c6 {[%emt 0:02:54]} 16. Kh1 {[%emt 0:02:37]} d5 {[%emt 0:06:14]} 17. Qg3 {[%emt 0:05:19]} dxe4 {[%emt 0:15:22]} 18. dxe4 {[%emt 0:00:09]} Rfd8 {[%emt 0:03:37]} 19. f4 {[%emt 0:02:03]} Bxf5 {[%emt 0:00:24]} 20. gxf5 {[%emt 0:04:02]} Bd6 {[%emt 0:00:54]} 21. a3 {[%emt 0:01:16]} Re8 {[%emt 0:07:25]} 22. Qg6 {[%emt 0:08:18]} exf4 {[%emt 0:03:35]} 23. Bxf4 {[%emt 0:00:49]} Bxf4 {[%emt 0:00:43]} 24. Rxf4 {[%emt 0:00:02]} Ng5 {[%emt 0:00:27]} 25. Qxf6 {[%emt 0:04:23]} gxf6 {[%emt 0:00:02]} 26. Rg1 {[%emt 0:00:48]} Kf8 {[%emt 0:00:34]} 27. Re1 {[%emt 0:02:31]} Nxh3 {[%emt 0:00:21]} 28. Rh4 {[%emt 0:00:50]} Ng5 {[%emt 0:01:17]} 29. Rxh6 {[%emt 0:00:35]} Kg7 {[%emt 0:00:05]} 30. Rh4 {[%emt 0:01:35]} Re5 {[%emt 0:01:50]} 31. Bc2 {[%emt 0:00:41]} Rae8 {[%emt 0:00:03]} 32. Rg1 {[%emt 0:00:19]} Rd8 {[%emt 0:02:05]} 33. Rh2 {[%emt 0:00:16]} Rd7 {[%emt 0:00:45]} 34. Re2 {[%emt 0:00:30]} Re8 {[%emt 0:01:38]} 35. Kg2 {[%emt 0:00:12]} Rde7 {[%emt 0:00:54]} 36. Kg3 {[%emt 0:01:14]} Rh8 {[%emt 0:00:57]} 37. Rh2 {[%emt 0:00:32]} Rxh2 {[%emt 0:00:23]} 38. Kxh2 {[%emt 0:00:01]} Kf8 {[%emt 0:00:01]} 39. Rg4 {[%emt 0:00:55]} Nf3+ {[%emt 0:01:24]} 40. Kg3 {[%emt 0:00:00]} Ne5 {[%emt 0:00:00]} 41. Rh4 {[%emt 0:01:29]} Nc4 {[%emt 0:05:24]} 42. e5 {[%emt 0:10:56]} Nxe5 {[%emt 0:00:14]} 43. Kf2 {[%emt 0:00:17]} Rd7 {[%emt 0:01:52]} 44. Ke2 {[%emt 0:01:14]} Ke7 {[%emt 0:00:05]} 45. a4 {[%emt 0:05:39]} Rd8 {[%emt 0:00:22]} 46. b4 {[%emt 0:02:55]} b6 {[%emt 0:02:17]} 47. Be4 {[%emt 0:04:50]} axb4 {[%emt 0:01:21]} 48. cxb4 {[%emt 0:00:02]} Rd4 {[%emt 0:00:11]} 49. a5 {[%emt 0:00:47]} bxa5 {[%emt 0:00:38]} 50. bxa5 {[%emt 0:00:10]} Ra4 {[%emt 0:00:07]} 51. a6 {[%emt 0:02:20]} Rxa6 {[%emt 0:00:31]} 52. Bc2 {[%emt 0:00:17]} Ra2 {[%emt 0:00:27]} 53. Kd1 {[%emt 0:00:08]} c5 {[%emt 0:02:59]} 54. Rh8 {[%emt 0:01:51]} Nf3 {[%emt 0:02:17]} 55. Be4 {[%emt 0:01:28]} Ne5 {[%emt 0:04:24]} 56. Rb8 {[%emt 0:00:47]} c4 {[%emt 0:03:09]} 57. Rc8 {[%emt 0:01:54]} Kd7 {[%emt 0:02:11]} 58. Rc5 {[%emt 0:00:19]} Kd6 {[%emt 0:00:18]} 59. Rd5+ {[%emt 0:00:16]} Kc7 {[%emt 0:00:45]} 60. Rc5+ {[%emt 0:01:02]} Kb6 {[%emt 0:00:34]} 61. Rc8 {[%emt 0:00:04]} Kb5 {[%emt 0:01:39]} 62. Rc7 {[%emt 0:02:01]} Kb4 {[%emt 0:01:17]} 63. Bd5 {[%emt 0:00:28]} Rf2 {[%emt 0:00:23]} 64. Be4 {[%emt 0:00:55]} Kc3 {[%emt 0:00:53]} 65. Ke1 {[%emt 0:00:30]} Rf4 {[%emt 0:00:49]} 66. Bb1 {[%emt 0:00:21]} Rh4 {[%emt 0:01:34]} 67. Rb7 {[%emt 0:00:33]} Rh1+ {[%emt 0:01:12]} 68. Ke2 {[%emt 0:00:09]} Rh2+ {[%emt 0:00:39]} 0-1

[Event "Mitropa Cup Open 2019"]
[Site "Radenci"]
[Date "2019.05.27"]
[Round "1.4"]
[White "Csiki, Endre"]
[Black "Voekler, Bernd"]
[Result "0-1"]
[WhiteElo "2362"]
[BlackElo "2354"]
[Annotator "TA"]
[PlyCount "84"]
[EventDate "2019.05.27"]
[EventType "team-tourn"]
[EventCountry "SLO"]
[SourceTitle "playchess.com"]
[Source "ChessBase"]
[SourceQuality "1"]
[WhiteTeam "Hungary"]
[BlackTeam "Germany"]
[WhiteTeamCountry "HUN"]
[BlackTeamCountry "GER"]

{[%evp 11,84,10,23,20,35,36,44,37,33,17,32,47,48,32,36,-16,-31,-23,-13,-11,0,-98,-99,-158,-150,-129,-129,-118,0,0,8,0,69,-265,0,-441,-447,-438,-452,-428,-419,-1656,-1670,-1618,-1531,-1338,-1289,-1431,-1388,-1373,-1363,-1284,-1304,-1038,-785,-933,-778,-29983,-982,-808,-704,-2072,-1974,-29983,-29984,-29984,-29985,-29985,-29974,-29974,-29974,-6203,-6079,-29985,-29982]} 1. e4 c5 2. Nf3 d6 3. d4 cxd4 4. Nxd4 Nf6 5. Nc3 a6 6. Bg5 Nbd7 7. Qe2 {B94: Sicilian Najdorf: 6 Bg5 Nbd7} (7. f4 Qc7 8. Qf3 g6 9. O-O-O Bg7 10. Be2 h6 11. Bh4 Nb6 12. h3 Bd7 13. Rhe1 Bc6 14. Nxc6 bxc6 15. Bxf6 exf6 {½-½ (69) Sjugirov,S (2661)-Artemiev,V (2754) Sochi 2019}) 7... h6 8. Bh4 b5 9. f4 $146 {Hoping for e5.White is slightly better.} ({Predecessor:} 9. O-O-O e6 10. f4 g5 11. fxg5 hxg5 12. Bxg5 {0-1 (32) Raja,H (2354)-Troff,K (2522) Abu Dhabi 2016}) 9... g5 10. fxg5 hxg5 11. Bxg5 Bb7 12. O-O-O e6 13. e5 ({White should play} 13. Qe1 $14) 13... dxe5 $11 14. Nf3 Rg8 {Strongly threatening ...Bxf3.} 15. h4 Qc7 16. Nd2 (16. Nxe5 $1 $11 Qxe5 17. Qxe5 Nxe5 18. Bxf6) 16... Rc8 $17 {And now ...b4 would win.} 17. Nde4 (17. Rh3 $142) 17... Nxe4 18. Nxe4 Bxe4 19. Qxe4 Nc5 (19... f6 $1 $17 {[%cal Rf6g5]} 20. Be2 fxg5 21. Bh5+ Ke7) 20. Qe2 $11 e4 21. Kb1 Bg7 (21... Be7 $11) 22. Be3 $2 {[%mdl 8192]} (22. Rh3 $1 $14 {keeps the upper hand.}) 22... Bxb2 $2 (22... Na4 $1 $19 23. Bd4 Bxd4 24. Rxd4 Nxb2 $1 {[%mdl 512]} 25. Qxe4 Na4 26. Rxa4 bxa4 27. Qxa4+ Kf8 28. Qb4+ Kg7 29. Qb2+ Kh7) 23. Kxb2 $2 {[%mdl 8192]} (23. Bxc5 $1 $11 {and White has nothing to worry.} Qxc5 24. Kxb2 Qc3+ 25. Kb1 Qb4+ 26. Ka1 Qc3+ {[%mdl 64] Double Attack} 27. Kb1 Qb4+ 28. Ka1 Qc3+ {[%mdl 64] Double Attack} 29. Kb1) 23... Na4+ $19 24. Kc1 {Threatening Bd4.} Qc3 25. Bd4 Qa3+ {[%mdl 64] Double Attack} 26. Kb1 {[#]} (26. Kd2 $142 Qb4+ 27. Ke3) 26... Rc3 $1 {[%csl Ga4][%cal Ra3b2][%mdl 512]} 27. Qxb5+ (27. Bxc3 Nxc3+) 27... axb5 28. Bxb5+ Ke7 {[%csl Ga4][%cal Ra3b2]} 29. Bxa4 Qxa4 30. Bxc3 Rb8+ 31. Ka1 Ra8 {[%csl Ga8][%cal Ra4a2]} 32. Kb1 Qxa2+ 33. Kc1 Rb8 {( -> ...e3)} 34. Bd4 {[#]} Qa3+ (34... e3 $142 $1 {[%mdl 512]} 35. Bxe3 Rc8 36. Bg5+ f6 37. Kd2 Qxc2+ 38. Ke1 fxg5 39. Rd2 Qe4+ 40. Kd1 Qb1+ 41. Ke2 Qxh1 {[%mdl 64] Double Attack} 42. hxg5 Qxg2+ {[%mdl 64] Double Attack} 43. Ke3 Rc3+ 44. Rd3 Qh3+ 45. Kf2 Qxd3 46. Ke1 Rc2 47. g6 Qe2#) 35. Kd2 f5 36. h5 Rg8 37. Rhg1 {[#]} e5 $1 {[%mdl 576] Decoy} 38. Bxe5 Qa5+ 39. Bc3 Rd8+ 40. Ke2 Qxc3 41. Rxd8 Kxd8 42. Rh1 Qxc2+ {Accuracy: White = 33%, Black = 70%.} 0-1

[Event "Mitropa Cup Open 2019"]
[Site "Radenci"]
[Date "2019.05.27"]
[Round "1.5"]
[White "Nguyen, Thai Dai Van"]
[Black "Dragnev, Valentin"]
[Result "1/2-1/2"]
[WhiteElo "2548"]
[BlackElo "2521"]
[Annotator "TA"]
[PlyCount "117"]
[EventDate "2019.05.27"]
[EventType "team-tourn"]
[EventCountry "SLO"]
[SourceTitle "playchess.com"]
[Source "ChessBase"]
[SourceQuality "1"]
[WhiteTeam "Czech Republic"]
[BlackTeam "Austria"]
[WhiteTeamCountry "CZE"]
[BlackTeamCountry "AUT"]

{[%evp 17,117,0,0,0,0,0,3,-14,0,0,0,0,0,0,0,0,0,0,0,0,50,0,0,0,95,95,81,92,81,70,85,85,62,79,96,74,105,110,91,111,151,146,167,153,198,185,237,242,209,2,245,215,259,259,258,198,211,206,212,209,212,218,215,165,163,154,218,197,213,198,229,157,161,164,229,195,209,190,248,222,222,222,222,205,1811,0,0,0,0,0,0,0,0,0,0,0,0,0,0,0,0,0]} 1. e4 e5 2. Nf3 Nc6 3. Bc4 Bc5 4. c3 Nf6 5. d4 exd4 6. e5 d5 7. Bb5 Ne4 8. cxd4 Bb6 9. Nc3 O-O 10. Be3 {C54: Giuoco Piano: 4 c3 Nf6, main lines with 5 d4 and 5 d3} Bg4 (10... Ba5 11. Qb3 Bxc3+ 12. bxc3 Na5 13. Qb4 b6 14. O-O Bf5 15. Rfc1 Rc8 16. Ba6 Rb8 17. Bd3 Re8 {½-½ (32) Karjakin,S (2753)-Topalov,V (2740) Shamkir 2019}) 11. h3 Bh5 12. Qc2 Ba5 13. O-O Bxf3 14. gxf3 Nxd4 15. Bxd4 Qg5+ $1 16. Kh1 Bxc3 $1 {[#]} 17. Bxc3 $146 ({Predecessor:} 17. bxc3 Qf5 18. fxe4 Qxh3+ 19. Kg1 Qg4+ 20. Kh2 Qh4+ 21. Kg2 Qg4+ {½-½ (21) Brkic,A (2560)-Martinovic,S (2555) Bjelovar 2019}) 17... Qf5 $1 18. Rfc1 Qxh3+ 19. Kg1 Ng5 {[%cal Rg5f3]} 20. Be2 Nxf3+ (20... Qh6 $11 {keeps the balance.}) 21. Bxf3 $16 Qxf3 22. Qd1 $36 {[%mdl 2048] White is in control.} Qe4 23. Bd4 a5 24. Rxc7 Ra6 25. f3 $1 {[%cal Rf3e4]} Rg6+ 26. Kf1 Qh4 27. Bf2 (27. Rxb7 $6 Qh2 $11) 27... Qh2 28. Rac1 $1 Rg5 29. Qd4 $1 h5 30. R1c3 Re8 {White must now prevent ...Qg2+.} 31. f4 Rf5 (31... Rg4 {was worth a try.} 32. Rf3 Qh1+ 33. Ke2 Qb1) 32. Rc8 $18 Rxc8 33. Rxc8+ Kh7 34. Be3 Qh1+ 35. Ke2 Qg2+ 36. Kd3 h4 {[#]} 37. Rc2 $1 {[%cal Rc2g2]} Qg6 {Hoping for ...Rxf4+.} 38. Kc3 Qc6+ 39. Kd2 Qe6 40. Rc1 h3 41. Qd3 {Threatens to win with Rh1.} g6 (41... Kg8 $16) 42. Rh1 Rh5 43. Rh2 Kg8 44. Bd4 Qg4 45. Qe3 Qe6 (45... b5 {was called for.} 46. Bb6 a4) 46. Bc3 a4 47. Qa7 a3 (47... Rh4 $142) 48. b3 (48. Qxb7 $6 Rh4) 48... Kh7 49. Qb8 (49. Qxb7 Qf5 $11) (49. Qxa3 Qg4 $11) 49... Rh4 50. Qd6 Qg4 $2 {[#]} (50... Rxf4 51. Qxe6 (51. Qxa3 $2 Qg4 $19) 51... fxe6) 51. Qf6 $2 (51. e6 $1 $18 {White wants to mate with Qe5.} Qg3 52. Re2 Rxf4 53. e7 Rd4+ {[%mdl 64] Discovered Attack} 54. Bxd4 Qxd6 55. e8=Q Qf4+ 56. Kc3) 51... Qg3 $1 $11 {[%cal Rg3h2] The position is equal.} 52. Qxf7+ Kh6 53. Qf8+ Kh5 54. Re2 $1 {And now e6 would win.} h2 55. Qh8+ Kg4 56. Qc8+ {[%mdl 64] Double Attack} Kh5 (56... Kf3 $5 57. Re3+ $8 Kxf4 58. Qf8+ (58. Rxg3 Kxg3 59. e6 h1=Q $11) 58... Kg4 59. Rxg3+ Kxg3 $11) 57. Qh8+ Kg4 58. Qc8+ {[%mdl 64] Double Attack} Kh5 (58... Kf3 $5 59. Re3+ $8 Kxf4 60. Qf8+ (60. Rxg3 Kxg3 61. e6 h1=Q $11) 60... Kg4 61. Qc8+ {[%mdl 64] Double Attack} (61. Rxg3+ Kxg3 62. e6 h1=Q $11) 61... Kf4 62. Rxg3 Kxg3 $11) 59. Qh8+ {Accuracy: White = 87%, Black = 63%.} 1/2-1/2

[Event "Mitropa Cup Open 2019"]
[Site "Radenci"]
[Date "2019.05.27"]
[Round "1.6"]
[White "Blohberger, Felix"]
[Black "Vykouk, Jan"]
[Result "1/2-1/2"]
[WhiteElo "2475"]
[BlackElo "2451"]
[Annotator "TA"]
[PlyCount "92"]
[EventDate "2019.05.27"]
[EventType "team-tourn"]
[EventCountry "SLO"]
[SourceTitle "playchess.com"]
[Source "ChessBase"]
[SourceQuality "1"]
[WhiteTeam "Austria"]
[BlackTeam "Czech Republic"]
[WhiteTeamCountry "AUT"]
[BlackTeamCountry "CZE"]

{[%evp 12,92,15,10,40,35,82,0,19,0,0,0,8,-16,-12,-22,-18,-22,12,25,16,14,29,-12,-14,-37,-30,-38,-8,-6,-6,-5,-11,-12,-11,-8,-13,-15,-15,-23,-22,-22,-17,-37,-43,-36,-42,-48,-8,-8,-8,-8,-8,-17,0,0,0,0,0,0,0,0,0,0,0,0,0,0,0,0,0,0,0,-12,-12,-12,0,0,0,-12,0,-12,0]} 1. e4 c5 2. Nf3 d6 3. Bb5+ Nd7 4. d4 cxd4 5. Qxd4 a6 6. Bxd7+ Bxd7 7. O-O Qc7 {B51: Sicilian: Moscow Variation (3 Bb5+) without 3...Bd7} (7... e5 8. Qd3 h6 9. a4 Nf6 10. a5 Be7 11. c4 b5 12. axb6 Qxb6 13. Nc3 O-O 14. Be3 Qb7 15. h3 Rfc8 16. Nd2 Be6 17. Rfb1 a5 18. b3 Ra6 19. Ra2 Bd7 20. Rba1 {½-½ (20) Wang,H (2730)-Nepomniachtchi,I (2763) St Petersburg 2018}) 8. Nc3 e6 9. Bg5 (9. Bf4 $16) 9... Rc8 $11 10. Rfd1 $146 ({Predecessor:} 10. Rad1 h6 11. Bf4 e5 12. Nxe5 dxe5 13. Bxe5 Qc6 14. Bxg7 Bxg7 15. Qxg7 Qf6 {½-½ (34) Van Haastert,E (2430)-Van Delft,M (2413) Netherlands 2012}) 10... e5 11. Qd3 h6 12. Bh4 (12. Be3 {with more complications.} Be6 13. Nd2 Nf6 14. f3 Be7 15. a4) 12... g5 13. Bg3 Nf6 14. Nd2 Be7 15. Nf1 Qc4 16. Ne3 Qxd3 17. cxd3 (17. Rxd3 {is interesting.} Be6 18. Rad1 h5 19. f3 Rg8 20. Kh1) 17... h5 {[#] White must now prevent ...h4.} 18. h4 Ng4 19. Ned5 $1 {f3 is the strong threat.} gxh4 20. Nxe7 hxg3 21. Nxc8 gxf2+ 22. Kf1 Ne3+ 23. Ke2 $1 Nxd1 24. Nxd6+ Ke7 {[#] Threatens to win with ...Nxc3+.} 25. Nc4 Nxc3+ 26. bxc3 {[%mdl 4096] Endgame KRB-KRN} Rc8 27. Nb6 Rc6 28. Rb1 Be6 29. c4 Kd6 30. Kxf2 {The position is equal.} Kc5 31. Nd5 b5 32. Ke3 f5 (32... bxc4 {seems wilder.} 33. dxc4 f5 34. exf5 Bxf5 35. Rh1 Bg4) 33. exf5 Bxd5 34. cxd5 Kxd5 {KR-KR} 35. Rf1 Rf6 36. a3 Rf7 37. f6 Ke6 38. Rh1 Rxf6 39. Rxh5 Rg6 40. d4 Rg3+ 41. Ke4 $1 Rg4+ 42. Kf3 Rxd4 43. Rh6+ Kf5 44. Rh5+ Ke6 {aiming for ...Ra4.} 45. Rh6+ Kf5 {Hoping for ...Rd3+.} 46. Rh5+ Ke6 {Accuracy: White = 71%, Black = 73%.} 1/2-1/2

[Event "Mitropa Cup Open 2019"]
[Site "Radenci"]
[Date "2019.05.27"]
[Round "1.7"]
[White "Kraus, Tomas"]
[Black "Mesaros, Florian"]
[Result "1-0"]
[WhiteElo "2463"]
[BlackElo "2439"]
[Annotator "TA"]
[PlyCount "51"]
[EventDate "2019.05.27"]
[EventType "team-tourn"]
[EventCountry "SLO"]
[SourceTitle "playchess.com"]
[Source "ChessBase"]
[SourceQuality "1"]
[WhiteTeam "Czech Republic"]
[BlackTeam "Austria"]
[WhiteTeamCountry "CZE"]
[BlackTeamCountry "AUT"]

{[%evp 14,51,0,-16,0,0,1,0,29,21,14,23,111,114,200,199,266,279,264,276,291,281,335,327,642,667,660,662,662,118,648,642,657,639,751,762,744,742,29989,29975]} 1. e4 e5 2. Nf3 Nc6 3. d4 exd4 4. Nxd4 Nf6 5. Nxc6 bxc6 6. e5 Qe7 7. Qe2 Nd5 8. h4 Qe6 {C45: Scotch Game} 9. Nd2 d6 10. exd6 cxd6 $146 {The position is equal.} ({Predecessor:} 10... Bxd6 11. Nc4 Bc5 12. a3 O-O 13. Qxe6 Bxe6 14. Bd3 Rfe8 15. O-O a5 16. Ne5 {½-½ (38) Caruana,F (2828)-Robson,R (2667) Saint Louis 2019}) 11. Nc4 Be7 12. Bg5 Nb4 {[#]} (12... Nf6 $11 {remains equal.}) 13. O-O-O $1 $16 {aiming for Nxd6+.} d5 {[#]} (13... Qxe2 $16 14. Bxe2 d5) 14. Qd2 $1 $18 {Threatens to win with Re1.} Bxg5 (14... Nxa2+ $142 15. Kb1 O-O) 15. hxg5 {Re1 is the strong threat.} Qe7 16. Re1 Be6 17. Ne5 Rb8 18. Kb1 d4 $2 (18... Qb7 19. c3 Bf5+ 20. Nd3+ {[%mdl 64] Discovered Attack} Kd7 21. cxb4 Qxb4 22. Qxb4 Rxb4) 19. Bc4 O-O {[#]} 20. g6 $1 {[%mdl 512]} Bxc4 (20... fxg6 21. Nxg6) 21. gxh7+ (21. Nxc4 Qc5 $16) 21... Kh8 {[#]} 22. Ng6+ $1 {[%mdl 576] Discovered Attack} fxg6 23. Rxe7 Bxa2+ 24. Kc1 c5 {[#]} 25. Qg5 $1 {Threatening mate with Qe5!} Rxf2 26. Qxg6 {Accuracy: White = 98%, Black = 34%.} 1-0

[Event "Mitropa Cup Open 2019"]
[Site "Radenci"]
[Date "2019.05.27"]
[Round "1.8"]
[White "Horvath, Dominik"]
[Black "Miesbauer, Jan"]
[Result "1-0"]
[WhiteElo "2406"]
[BlackElo "2407"]
[Annotator "TA"]
[PlyCount "71"]
[EventDate "2019.05.27"]
[EventType "team-tourn"]
[EventCountry "SLO"]
[SourceTitle "playchess.com"]
[Source "ChessBase"]
[SourceQuality "1"]
[WhiteTeam "Austria"]
[BlackTeam "Czech Republic"]
[WhiteTeamCountry "AUT"]
[BlackTeamCountry "CZE"]

{[%evp 20,71,74,66,74,75,70,52,60,66,75,42,33,39,59,51,57,51,63,58,68,25,32,0,56,56,175,181,139,151,325,288,537,247,591,317,582,538,575,287,254,293,697,683,863,839,825,770,29990,29991,29992,29993,29993,29994]} 1. c4 g6 2. e4 Bg7 3. d4 d6 4. Nc3 Nf6 5. Nf3 O-O 6. Be2 Nbd7 7. O-O e5 8. Be3 c6 9. d5 c5 10. Ne1 Ne8 11. g4 a6 {E94: King's Indian: Classical: 6 Be2 e5 7 0-0: Various Black 7th moves} (11... f5 12. gxf5 gxf5 13. exf5 Nb6 14. Kh1 Bxf5 15. Nf3 Nf6 16. Ng5 Qd7 17. Rg1 Rae8 18. Rg3 Kh8 19. Qd2 Na4 20. Nxa4 Qxa4 {½-½ (33) Mchedlishvili,M (2603)-Bortnyk,O (2610) Riadh 2017}) 12. Qd2 f5 $146 ({Predecessor:} 12... Rb8 13. a3 Ndf6 14. f3 Nc7 15. b4 b6 16. bxc5 bxc5 17. Nd3 Nd7 18. Rab1 Nb6 19. Nxc5 dxc5 {0-1 (51) Tsvetkov,A (2219)-Scheglov,D (2022) St Petersburg 2017}) 13. gxf5 gxf5 {...f4 is the strong threat.White is slightly better.} 14. exf5 Ndf6 {[%cal Bd7f6,Bf6h5,Bh5f4][%mdl 32]} 15. Nf3 Bxf5 16. Ng5 Nc7 17. f3 Nh5 18. Kh1 Kh8 19. Rg1 Qd7 20. Nce4 Nf4 21. Rg3 Rae8 (21... h6 $11 22. Ne6 Ncxe6 23. dxe6 Qxe6) 22. Rag1 {Hoping for Nxh7!} Bh6 ({Better is} 22... Re7 $1 $14) 23. Bxf4 $18 exf4 24. R3g2 Qe7 $2 (24... Re7 $16) 25. Bd3 Bg6 $2 (25... b5 26. Nxd6 Qxd6) 26. b4 b6 $2 (26... cxb4 {is more resistant.} 27. Qxb4 {[%mdl 64] Double Attack} Bh5) 27. a4 {[%cal Ba2a4,Ba4a5][%mdl 32]} Qe5 $2 (27... cxb4 28. Qxb4 {[%mdl 64] Double Attack} Rb8 29. Nxd6 Bxg5) 28. a5 b5 {[#]} 29. bxc5 (29. Nxd6 $142 $1 {[%mdl 512]} Qxd6 30. Bxg6 hxg6 31. Ne4 {[%mdl 64] Discovered Attack} Rxe4 32. Rxg6 (32. fxe4 Kh7 $18)) 29... bxc4 30. Bxc4 ({Less strong is} 30. cxd6 Nxd5 31. Bxc4 Ne3 $14) 30... dxc5 $2 (30... Bxg5 31. Nxg5 dxc5) 31. d6 Nb5 32. d7 Rd8 33. Ne6 {[%mdl 64] Double Attack} Bxe4 34. Nxd8 {White mates.} Bxf3 {[#]} 35. Nf7+ $1 Rxf7 36. Bxf7 {Accuracy: White = 55%, Black = 31%.} 1-0